| 000 | 00672nam a2200217 i 4500 | ||
|---|---|---|---|
| 001 | 15791 | ||
| 003 | ES-MaACL | ||
| 005 | 20230906151144.0 | ||
| 007 | t| | ||
| 008 | 000508s1986 sp a |||| | spa j | ||
| 080 | _a725.822.025.4(460.152 B.) | ||
| 245 | 0 | 0 | _aRehabilitación del Teatro Arriaga. |
| 260 |
_a[Madrid] : _bDragados y Construcciones, _cD.L. 1986. |
||
| 300 |
_a76 p : _bil. col. ; _c28 cm. |
||
| 490 | 1 |
_aRehabilitación de edificios ; _v3 |
|
| 610 | 2 | 7 |
_aTeatro Arriaga- _xRestauración. _96915 |
| 710 | 2 |
_aDragados y Construcciones. _93410 |
|
| 830 | 0 |
_aRehabilitación de edificios ; _v3 _9179822 |
|
| 852 |
_aES-MaACL _jL-22909 |
||
| 999 |
_c15791 _d15791 |
||